Statistics for ♫ Work Lyrics - Rihanna ♫

Click here to take the quiz!

General Stats

  • This quiz has been taken 351 times
  • The average score is 18 of 37

Answer Stats

Lyrical Line% Correct
{Work}, {work}, {work}, {work}, {work}, {work}
100%
He {see} me do mi
71%
{Dirt}, {dirt}, {dirt}, {dirt}, {dirt}, {dirt}
65%
I will never, no {never} neglect you
63%
Something that you've {never} seen
63%
{Something} that I never had
59%
You took my {heart} and my keys and my patience
58%
What {can} I say?
56%
You mistaken my {love} I brought for you for foundation
55%
But I wake up and act like {nothing}'s wrong
53%
All that I wanted from you was to {give} me
52%
Something that you've never {been}!
52%
I just {hope} that it gets to you
51%
No time to have you {lurking}
51%
Beg you something {please}
50%
Nobody text me in a {crisis}
50%
So {me} put in
50%
Dry!... Me a {desert} him
49%
If I get another {chance} to
49%
You know I dealt with you the {nicest}
49%
I hope that you see this {through}
48%
{Baby} don't you leave
47%
I believed all of your {dreams}, adoration
46%
{Learn}, {learn}, {learn}, {learn}, {learn}, {learn}
46%
Don't leave me stuck here in the {streets}, uh huh
45%
{Nobody} touch me you nuh righteous
44%
Please {recognize} I'm tryin', babe!
44%
You took my heart on my sleeve for {decoration}
44%
Just get {ready} fi...
43%
I mean who am I to hold your {past} against you
41%
I have {to}
40%
He {said} me haffi
35%
{Hurt}, {hurt}, {hurt}, {hurt}, {hurt}ing
34%
I hope that you see this {true}
34%
When you ah {gon'}
33%
Meh nuh {care} if him
31%
Him ah go {act} {like} he nuh like it
25%

Score Distribution

Percentile by Number Answered

Percent of People with Each Score

Your Score History

You have not taken this quiz